00704nam a22002177a 450000500170000001000130001702000260003003500130005603700160006904000120008508200150009710000130011224501190012524600060024426000560025027000470030630000240035350000500037765000390042770000200046620170124105918.0 aB-091553 c600.00a9188121510745 aB-091553 bCen Lib/Ret aDPLbEN 2220.3bMAR aMargaret aA dictionary of hinduism :b its mithology, folklore and development 1500 BC-ad 1500 /cby Margaret, James Stutley b  bMunshiram Manoharlal Publishers c2002a New Delhi  a54, Rani Jhansi Road b New Delhi e110055 axx, 372p.c24cm(Hb) aincludes bibliographical references and index aReligionvDictionaries xHinduism  aStutley, James